| 000 | 00701nam a2200229 a 4500 | ||
|---|---|---|---|
| 005 | 20250527063812.0 | ||
| 008 | 160823s2014 mx r 000 0 spa d | ||
| 020 | _a9789871305810 | ||
| 035 | _aUPN01000212503 | ||
| 049 | _aCG | ||
| 050 | 4 |
_aZ682 _bM6.2 |
|
| 100 | 1 |
_aMonfasani, Rosa Emma _939428 |
|
| 245 | 1 | 0 |
_aCompetencias bibliotecarias y entorno laboral / _cRosa Emma Monfasani. |
| 260 |
_aBuenos Aires : _bAlfagrama, _c2014. |
||
| 300 |
_a243 p. : _bgrásf., il. |
||
| 440 | 0 | _aBiblioteca Alfagrama | |
| 650 | 4 |
_aBIBLIOTECARIOS - _xEFECTO DE LAS INNOVACIONES TECNOLOGICAS |
|
| 650 | 4 |
_aBibliotecas _96203 |
|
| 650 | 4 |
_aDesarrollo profesional _912865 |
|
| 905 | _aLibro | ||
| 999 |
_c184603 _d184603 |
||